Information warfare : principles and operations
Αποθηκεύτηκε σε:
| Κύριος συγγραφέας: | |
|---|---|
| Μορφή: | Βιβλίο |
| Γλώσσα: | English |
| Δημοσίευση: |
Boston :
Artech House,
c1998
|
| Θέματα: | |
| Ετικέτες: |
Προσθήκη ετικέτας
Δεν υπάρχουν, Καταχωρήστε ετικέτα πρώτοι!
|
MARC
| LEADER | 00000nam a2200000 i 4500 | ||
|---|---|---|---|
| 001 | 1/69066 | ||
| 008 | 990205s1998 eng d | ||
| 020 | |a 0-89006-511-X | ||
| 035 | |l 10047759 | ||
| 040 | |a GR-MY-UA |b gre |e aacr | ||
| 041 | 0 | |a eng | |
| 082 | 0 | |a 355.343 |2 (21) | |
| 100 | 1 | |a Waltz, Edward. | |
| 245 | 1 | 0 | |a Information warfare : |b principles and operations / |c Edward Waltz |
| 260 | |a Boston : |b Artech House, |c c1998 | ||
| 300 | |a xiv, 397 σ.; |b εικ.; |c 24 εκ. | ||
| 504 | |a Περιέχει βιβλιογραφικές αναφορές και ευρετήριο | ||
| 650 | 0 | 0 | |a Information warfare. |
| 852 | |a INST |b SAMOS |e 19990205 |h 355.343 WAL |p 005300013428 |q 005300013428 |t BK |y 0 | ||
| 852 | |a INST |b SAMOS |e 20050110 |h 355.343 WAL |p 005300022507 |q 005300022507 |t BK |y 0 | ||
| 901 | |a BIBL3-2004-3 | ||
| 901 | |a BIBL-1999-1 | ||
| 909 | |a Σ |b 114184 | ||
| 909 | |a Σ |b 062899 | ||
| 920 | |a ΔΙΕΥΡΥΝΣΗ |b ΕΠΕΑΕΚ-ΤΜΠΕΣ |y ΣΑΜΟΣ |z 2004-10 | ||
| 922 | |a 3ΕΛΗ |b 199812 |c ΤΠΕΣ |d ΠΑΠΑΣΩΤΗΡΙΟΥ | ||
| 970 | |a ΜΑΛΑΓΑΡΗ |b ΦΩΤΕΙΝΗ |z 2005/01/10 | ||